00337nam a22001337a 4500020001800000040000900018082001700027100002100044110001700065245003300082250001700115260004100132650003000173 a9788126541386 cNUST a621.3192 IRW aIrwin, J. David, aNelms, R. M. aEngineering Circuit Analysis a10TH Edition aNEW DELHI:bJOHN WILEY& SONS,c2015. aElectric Circuit Analysis